Alquimia / (Record no. 22957)

MARC details
000 -LEADER
campo de control de longitud fija 00668nam a2200217 i 4500
001 - NÚMERO DE CONTROL
campo de control 22957
003 - IDENTIFICADOR DE NÚMERO DE CONTROL
campo de control ES-MaACL
007 - CAMPO FIJO DE DESCRIPCIÓN FÍSICA--INFORMACIÓN GENERAL
campo de control de longitud fija t|
008 - DATOS DE LONGITUD FIJA--INFORMACIÓN GENERAL
campo de control de longitud fija 021205s1985 sp ||||1| spa d
020 ## - NÚMERO INTERNACIONAL ESTÁNDAR DEL LIBRO
Número Internacional Estándar del Libro 84-505-1007-4
245 00 - MENCIÓN DEL TÍTULO
Título Alquimia /
Mención de responsabilidad, etc. [compilado por Moisés Cayetano Rosado].
250 ## - MENCION DE EDICION
Mención de edición [1ª ed.].
260 ## - PUBLICACIÓN, DISTRIBUCIÓN, ETC.
Lugar de publicación, distribución, etc. [S.l.] :
Nombre del editor, distribuidor, etc. Editora Regional de Extremadura,
Fecha de publicación, distribución, etc. [1985]
300 ## - DESCRIPCIÓN FÍSICA
Extensión 247 p. :
Otras características físicas il. ;
Dimensiones 21 cm.
490 1# - MENCIÓN DE SERIE
Mención de serie Colección Narrativa ;
Designación de volumen o secuencia 3, 4
700 1# - ENTRADA AGREGADA--NOMBRE PERSONAL
Nombre de persona Cayetano Rosado, Moisés.
9 (RLIN) 37206
830 0# - PUNTO DE ACCESO ADICIONAL DE SERIE-TÍTULO UNIFORME
Título uniforme Colección Narrativa ;
Designación de volumen o secuencia 3, 4
9 (RLIN) 180828
852 ## - LOCALIZACIÓN
Ubicación ES-MaACL
Número de control de estantería L-8580
Sublocalización o colección R.108733
852 ## - LOCALIZACIÓN
Ubicación ES-MaACL
Número de control de estantería L-8752
Sublocalización o colección R.108743
Holdings
Estatus retirado Estado de pérdida Estado de daño No para préstamo Biblioteca de origen Biblioteca actual Ubicación en estantería Fecha de adquisición Fuente de adquisición Total de préstamos Signatura topográfica completa Código de barras Visto por última vez Precio de reemplazo Tipo de ítem Koha
        Biblioteca del Ateneo de Madrid Biblioteca del Ateneo de Madrid Depósito 2 17/01/2008     L-8752 1023648 23/02/2023 23/02/2023 Libro impreso
        Biblioteca del Ateneo de Madrid Biblioteca del Ateneo de Madrid Depósito 2 17/01/2008     L-8580 1023647 23/02/2023 23/02/2023 Libro impreso